Evaluación externa del centro y calidad educativa /

I tiakina i:
Ngā taipitopito rārangi puna kōrero
Kaituhi matua: Estefanía Lera, José Luis (autor)
Ētahi atu kaituhi: López Martínez, Juan (autor) (autor), Gairín Sallán, Joaquín (prólogo) (prólogo)
Hōputu: Pukapuka
Reo:Pāniora
I whakaputaina: Madrid, España : CCS, 2003, c2003
Rangatū:(Educar ; 28)
Ngā marau:
Ngā Tūtohu: Tāpirihia he Tūtohu
Kāore He Tūtohu, Me noho koe te mea tuatahi ki te tūtohu i tēnei pūkete!

MARC

LEADER 00000nam^a2200000^a^4500
001 000163558
005 20250521000000.0
009 20260310100911.768
020 |a 84-8316-671-2 
037 |a Acervo ITESO - Biblioteca 
041 |a ESP 
082 |a 371. 260946  |b EST 
100 |a Estefanía Lera, José Luis  |e (autor) 
245 1 0 |a Evaluación externa del centro y calidad educativa /  |c J.L. Estefanía Lera, J. López Martínez ; pról. de J. Gairín Sallán. 
264 4 |a Madrid, España :  |b CCS,  |c 2003, c2003 
300 |a 356 p. 
336 |a texto  |b txt  |2 rdacontenido 
337 |a sin mediación  |b n  |2 rdamedio 
338 |a volumen  |b nc  |2 rdasoporte 
440 1 |a (Educar ;  |v 28) 
649 |a XX 
650 |a Calidad de la Educación -  |z España 
650 |a Evaluación del Desempeño 
650 |a Evaluación Institucional 
650 |a Evaluación Educativa -  |z España 
650 |a Evaluación Educativa -  |x Metodología 
650 |a Recursos Humanos 
650 |a Administración Educativa 
650 |a Instituciones Educativas -  |z España 
650 |a Sistema Escolar -  |z España 
650 |a Educación -  |z España 
700 |a López Martínez, Juan  |e (autor) 
700 |a Gairín Sallán, Joaquín  |e (prólogo) 
910 |a Fondo General 
920 |a Impresos - Libros 
930 |a Colección General 
905 |a 101 
901 |a 0500096466  |b IT1  |c ACC  |u 20250521 
902 |a https://opac.biblio.iteso.mx/vufind/Record/000163558